000 01236nac a22003977a 4500
001 BR0805599
003 BR-BrBNA
005 20240105123645.0
008 230509b bl.|||m| |||| 00| 0 por d
040 _aBR-BrBNA
_bpor
_cBiblioteca Nacional de Agricultura
072 _aF04
090 _a0331 BR0805599
100 1 _aSeverino, L.S.
100 1 _aFerreira, G.B.
100 1 _aMoraes, C.R. de A.
100 1 _aGondim, T.M. de S.
100 1 _aFreire, W.S. de A.
100 1 _aCastro, D.A. de
100 1 _aCardoso, G.D.
100 1 _aBeltrão, N.E. de M.
110 1 _aEMBRAPA Algodão, Campina Grande, PB (Brasil)
_93546
245 1 _aAdubação química da mamoneira com macro e micronutrientes em Quixeramobim, CE
260 3 _aCampina Grande, PB (Brasil):
_c2005.
300 _a23 p.
490 _aBoletim de Pesquisa e Desenvolvimento - EMBRAPA Algodão (Brazil)
_vno. 61
_xISSN 0103-0841
500 _aSummaries (En, Pt); 15 ref.
650 _aMAMONA
650 _aADUBAÇÃO
650 _aFERTILIZANTE
650 _aNUTRIENTE MINERAL
650 _aMACROELEMENTO
650 _aMICROELEMENTO
650 _aCRESCIMENTO
909 _a202312
_bLúcia Elande
_c55
_dLúcia Elande
942 _2AGRIS
_n0
_cMS
999 _c296411
_d296411